000
00291nam a22001337a 4500
008
190305b xxu||||| |||| 00| 0 eng d
020
_a
0443079552
041
_a
eng
080
_a
617
100
_a
5
101
_a
KIR
245
_a
Green's Operative Hand Surgery
_c
Green
942
_2
udc
_c
BK
999
_c
54550
_d
54550